000 01415cam a2200313 i 4500
001 18626457
003 EG-ScBUE
005 20250521082434.0
008 150514t2015 fluadk f b 001 0 eng d
020 _a9781466590939
040 _aEG-ScBUE
_beng
_erda
_cEG-ScBUE
_dEG-ScBUE
082 0 4 _a531.1133
_bNAR
_222
100 1 _aNarayanan, A. Satya,
_938227
_eauthor.
245 1 0 _aWaves and oscillations in nature :
_ban introduction /
_cA. Satya Narayanan, Indian Institute of Astrophysics, Bangalore, India, Swapan K. Saha, formerly, Indian Institute of Astrophysics, Bangalore, India.
264 1 _aBoca Raton :
_bCRC Press / Taylor and Francis Group,
_c[2015]
264 4 _cc2015
300 _axxix, 521 pages :
_bcharts, forms, tables ;
_c24 cm
336 _2rdacontent
_atext
_btxt
337 _2rdamedia
_aunmediated
_bn
338 _2rdacarrier
_avolume
_bnc
504 _aIncludes bibliographical references and index.
505 0 _aIntroduction to waves and oscillations -- Electromagnetic waves -- Waves in a uniform media -- Hydrodynamic waves -- MHD waves in a uniform media -- MHD waves in a non-uniform media -- Shock waves -- Waves in optics -- Plasma waves -- Fluid and plasma instabilities.
650 7 _aWave-motion, Theory of.
_2BUEsh
650 7 _aOscillations.
_2BUEsh
653 _bENGGEN
_cJuly2015
655 _vReading book
700 1 _aSaha, Swapan K.,
_eauthor.
942 _2ddc
_cBB
999 _c20263
_d20235